000 004670000a22001810004500
003 MACL
005 20160803143618.0
008 160803b xxu||||| |||| 00| 0 eng d
040 _aMACL
_cMACL
041 _aEnglish
082 _a954 AGR
100 _aAgarwala, V S
_966069
245 _aIndia as Known to Panini
_cAgrawala, V. S
260 _bUniversity of Lucknow
_c1953
_aAllahabad
350 _a50
650 _aIndian History
_9227
942 _cBK
_k954/AGR
_2ddc
999 _c35674
_d35674